000 00425cam a2200145 4500500
005 20251012032553.0
041 _afre
042 _adc
100 1 0 _aLévi, Florence
_eauthor
245 0 0 _aL’enchevêtrement des sens
260 _c2006.
500 _a96
786 0 _nSigila | 18 | 2 | 2006-12-20 | p. 73-83 | 1286-1715
856 4 1 _uhttps://shs.cairn.info/revue-sigila-2006-2-page-73?lang=fr&redirect-ssocas=7080
999 _c1547722
_d1547722